00453nam a22001577a 450000500170000001000150001702000260003203500140005803700130007208200140008510000190009924500640011826000410018227000500022330000220027320170517112947.0 aENG-118192 a9789384275303c995.00 aEN-101724 bDBAD/PUB a306.09545 aMeena, Santosh aCultural development in north east india/cby Santosh Meena aIndiabNE BOOKS AND PUBLISHERSc2017 aNational Highway Silchar- 788005 Assam, India a226p.c23cm. (Hb)